| 000 | 00372nam a22001577a 4500 | ||
|---|---|---|---|
| 020 | _a9789395878722 | ||
| 082 |
_aM3 _bHAR/K |
||
| 100 | _aHarinath S K | ||
| 245 |
_aKaruthachan/ _cby Harinath S K |
||
| 260 |
_aThrissur: _bGreen Books, _c2023. |
||
| 300 | _a223p. | ||
| 650 | _aNovel Malayalam | ||
| 650 | _aLiterature Malayalam | ||
| 650 | _aLiterature | ||
| 942 | _cBK | ||
| 999 |
_c182065 _d182065 |
||